Surat-menyurat Maryam Jamilah Maududi

Bibliographic Details
Other Authors: Haidar Bagir (Editor)
Format: Book
Language:Indonesian
Published: Bandung : Mizan 1984
Subjects:

MARC

LEADER 00000cam a2200000 7i4500
001 0000000364
005 20240919.0
008 991123 io ind
040 |a INS   |b eng   |e rda 
090 0 0 |a BP170.5   |b .S97 1984 
245 0 0 |a Surat-menyurat Maryam Jamilah Maududi   |c penyunting Haidar Bagir 
264 1 |a Bandung :   |b Mizan   |c 1984 
300 |a vii, 148 pages ;   |c 18 cm. 
336 |a text  |2 rdacontent 
337 |a unmediated  |2 rdamedia 
338 |a volume  |2 rdacarrier 
650 0 |a Islamic   |x Literature 
650 0 |a Muslim   |x Intellectual life 
700 0 |a Haidar Bagir ,   |e editor 
999 |a 0000002177   |b BOOK   |c Open Shelf   |e Default branch 
999 |a 0000002178   |b BOOK   |c Open Shelf   |e Default branch